[Event "Championnat de France - Open A"]
[Site "Chartres"]
[Date "2005.??.??"]
[Round "2.12"]
[White "Moussard, Jules"]
[Black "Lafaurie, Pierre"]
[Result "1/2-1/2"]
[WhiteElo "2054"]
[BlackElo "2144"]
[PlyCount "82"]
[EventDate "2005.??.??"]

1. e4 c5 2. Nf3 Nc6 3. d4 cxd4 4. Nxd4 Nf6 5. Nc3 e5 6. Ndb5 d6 7. Bg5 a6 8.
Na3 b5 9. Bxf6 gxf6 10. Nd5 f5 11. c3 Bg7 12. Bd3 Be6 13. Nxb5 axb5 14. Bxb5
Rc8 15. Qa4 Bd7 16. exf5 Nb8 17. Qg4 Kf8 18. Bd3 Rg8 19. Qf3 f6 20. O-O Nc6 21.
Be4 Ne7 22. Nb4 Rc4 23. Rfd1 Rxe4 24. Qxe4 Bxf5 25. Qb7 Bh6 26. Nc6 {#} 26...
Rxg2+ 27. Kxg2 Be4+ 28. Kf1 Bxc6 29. Qb4 Qc8 30. Rxd6 Qh3+ 31. Ke1 Qf3 32. Rxc6
Qxc6 33. Rd1 Bg5 34. Ke2 Qa6+ 35. c4 Qxa2 36. Rd8+ Kf7 37. Qb5 Qb1 38. Qe8+ Ke6
39. Qd7+ Kf7 40. Qe8+ Ke6 41. Qd7+ Kf7 1/2-1/2

[Event "Championnat de France - Open B"]
[Site "Chartres"]
[Date "2005.08.17"]
[Round "2.1"]
[White "Bleuzen, Erwan"]
[Black "Penalver, Francois"]
[Result "1-0"]
[WhiteElo "1994"]
[BlackElo "1890"]
[PlyCount "71"]
[EventDate "2005.??.??"]

1. d4 d5 2. c4 c6 3. Nc3 dxc4 4. e3 b5 5. Nxb5 cxb5 6. Qf3 Nc6 7. Qxc6+ Bd7 8.
Qf3 Nf6 9. Bd2 Rc8 10. Qb7 a5 11. Nf3 Bc6 12. Qa6 Bxf3 13. gxf3 b4 14. Bxc4 e6
15. Rc1 Nd7 16. Rg1 g6 17. a3 Rb8 18. Bb5 Qb6 19. Rc8+ Ke7 20. Rxb8 Qxa6 21.
Bxa6 Nxb8 22. Bb5 Kf6 23. axb4 Bxb4 24. Bxb4 axb4 25. Kd2 Rc8 26. Rc1 Rxc1 27.
Kxc1 Kg5 28. Kc2 Kh4 29. Bf1 Kg5 30. Kb3 Kf6 31. Kxb4 Ke7 32. Bb5 Kd6 33. Ka5
e5 34. dxe5+ Kxe5 35. Kb6 Kd6 36. Kb7 1-0

[Event "Championnat de France - Open B"]
[Site "Chartres"]
[Date "2005.08.17"]
[Round "2.2"]
[White "Francois, Jean"]
[Black "Medghoul, Abdel"]
[Result "0-1"]
[WhiteElo "1888"]
[BlackElo "1994"]
[PlyCount "104"]
[EventDate "2005.??.??"]

1. c4 e6 2. Nf3 Nf6 3. d4 d5 4. c5 b6 5. b4 a5 6. Bd2 axb4 7. Bxb4 Na6 8. Qb3
bxc5 9. dxc5 Bxc5 10. Bxc5 Nxc5 11. Qb4 Qd6 12. Qb2 O-O 13. e3 Ba6 14. Bxa6
Qxa6 15. Qe2 Qxe2+ 16. Kxe2 Nb3 17. Nbd2 Nxa1 18. Rxa1 c5 19. a4 Rfb8 20. Ne5
Rb2 21. Nd3 Rc2 22. Ne1 Rc3 23. f3 e5 24. a5 d4 25. e4 c4 26. Kd1 h6 27. Nb1
Re3 28. Nd2 Rc3 29. Nb1 Rb3 30. Nd2 Rb5 31. Nxc4 Rc5 32. Ra4 Nd7 33. Nd3 Rb5
34. Ra3 f6 35. a6 Ra7 36. Nd6 Rb6 37. Nc8 Raxa6 38. Nxb6 Rxa3 39. Nxd7 Rxd3+
40. Ke2 Rc3 41. Kd2 Rc7 42. Nb6 Rc6 43. Nd5 Kf7 44. h4 Ke6 45. g4 Rc5 46. Nb4
Rc3 47. Ke2 g6 48. h5 gxh5 49. gxh5 Rc4 50. Nd5 Rc2+ 51. Kd3 Rh2 52. Nc7+ Kf7
0-1

[Event "Championnat de France - Open B"]
[Site "Chartres"]
[Date "2005.08.17"]
[Round "2.3"]
[White "Vlahovic, Dimitri"]
[Black "Deleva, Mathias"]
[Result "0-1"]
[WhiteElo "1884"]
[BlackElo "1990"]
[PlyCount "66"]
[EventDate "2005.??.??"]

1. e4 e6 2. d4 d5 3. e5 c5 4. c3 Nc6 5. Nf3 Nge7 6. Be2 Nf5 7. g4 Nh4 8. Nxh4
Qxh4 9. Bf4 Qd8 10. O-O a6 11. Be3 Qb6 12. Qd2 Be7 13. Kg2 Bd7 14. f4 O-O-O 15.
a3 c4 16. Qc2 f6 17. Bg1 Rdf8 18. Nd2 fxe5 19. fxe5 Be8 20. Nxc4 dxc4 21. d5
Qb5 22. dxc6 Bxc6+ 23. Bf3 Bxf3+ 24. Rxf3 Rxf3 25. Kxf3 Qd5+ 26. Kg3 Qxe5+ 27.
Kh3 h5 28. Rd1 Qf4 29. Kg2 Qxg4+ 30. Kf1 Rf8+ 31. Bf2 Qf3 32. Rd4 Qh1+ 33. Ke2
Rxf2+ 0-1

[Event "Championnat de France - Open B"]
[Site "Chartres"]
[Date "2005.08.17"]
[Round "2.4"]
[White "Pokee, Anne"]
[Black "Thill, Alain"]
[Result "1-0"]
[WhiteElo "1990"]
[BlackElo "1880"]
[PlyCount "77"]
[EventDate "2005.??.??"]

1. e4 e5 2. Nf3 Nc6 3. d4 exd4 4. Bc4 Bc5 5. Ng5 Nh6 6. Nxf7 Nxf7 7. Bxf7+ Kxf7
8. Qh5+ Kf8 9. Qxc5+ d6 10. Qh5 Qf6 11. O-O Be6 12. f4 Bf7 13. Qf3 Re8 14. Bd2
Qe6 15. Re1 Ke7 16. Na3 Kd7 17. b4 a6 18. b5 axb5 19. Nxb5 Qc4 20. Qg4+ Qe6 21.
f5 Qf6 22. Bf4 Ne5 23. Qg3 Nc6 24. a4 g6 25. fxg6 Qxg6 26. Rad1 Rxe4 27. Rxe4
Qxe4 28. Bxd6 Rg8 29. Qf2 Bd5 30. Bg3 h5 31. Nxd4 h4 32. Ne2 hxg3 33. Nxg3 Qc4
34. Qf5+ Kd6 35. Rxd5+ Ke7 36. Qd7+ Kf6 37. Nh5+ Kg6 38. Qf5+ Kh6 39. Qf6+ 1-0

[Event "Championnat de France - Open B"]
[Site "Chartres"]
[Date "2005.08.17"]
[Round "2.5"]
[White "Le Clezio, Sylvain"]
[Black "Ferrier, David"]
[Result "1/2-1/2"]
[WhiteElo "1883"]
[BlackElo "1989"]
[PlyCount "86"]
[EventDate "2005.??.??"]

1. e4 c5 2. Nc3 e6 3. f4 a6 4. g3 Nc6 5. Bg2 Qc7 6. d3 d6 7. Nf3 b5 8. O-O Bb7
9. d4 cxd4 10. Nxd4 Nxd4 11. Qxd4 d5 12. Be3 b4 13. Na4 Nf6 14. Nc5 Bc6 15. h3
Bb5 16. Rfd1 Rc8 17. Nd3 dxe4 18. Nf2 Nd5 19. Bxe4 Nxe3 20. Qxe3 Bc5 21. Qf3
O-O 22. Rd2 Qb6 23. Rad1 Rfd8 24. Rxd8+ Rxd8 25. Rxd8+ Qxd8 26. Bd3 Bxd3 27.
Qxd3 Qxd3 28. cxd3 Bd4 29. b3 Kf8 30. Kg2 f5 31. Kf3 Ke7 32. g4 Kd6 33. Nh1 g6
34. Ng3 Kd5 35. Ne2 Bc5 36. Kg2 h6 37. gxf5 gxf5 38. Kf3 h5 39. Kg3 Be7 40. Kg2
h4 41. Kf3 Bc5 42. Kg2 Bd4 43. Kf3 a5 1/2-1/2

[Event "Championnat de France - Open B"]
[Site "Chartres"]
[Date "2005.08.17"]
[Round "2.6"]
[White "Levesque, Thomas"]
[Black "Daubert, Cedric"]
[Result "0-1"]
[WhiteElo "1989"]
[BlackElo "1870"]
[PlyCount "146"]
[EventDate "2005.??.??"]

1. f4 d6 2. Nf3 g6 3. e3 Bg7 4. d4 Nd7 5. c4 c5 6. Nc3 Ngf6 7. Be2 O-O 8. O-O
Re8 9. Ng5 cxd4 10. exd4 Nf8 11. Be3 Bd7 12. Qb3 Bg4 13. c5 d5 14. Bd3 e6 15.
Qxb7 Re7 16. Qb4 Rb8 17. Qa3 h6 18. Nf3 Bxf3 19. Rxf3 Ng4 20. Ne2 Reb7 21. Rb1
Qc7 22. Bd2 Nh7 23. Ba6 Ng5 24. Bxb7 Rxb7 25. Ba5 Qb8 26. c6 Nxf3+ 27. gxf3
Bxd4+ 28. Nxd4 Qxf4 29. fxg4 Qxd4+ 30. Kg2 Qxg4+ 31. Qg3 Qe2+ 32. Kg1 Rb5 33.
Re1 Qc2 34. Qc3 Qxc3 35. bxc3 Rxa5 36. Rb1 Rc5 37. Rb8+ Kg7 38. Rc8 Kf6 39. Kf2
Rxc3 40. a4 a5 41. Ke2 Rc4 42. c7 Ke5 43. Kd3 Kd6 44. Ra8 Kxc7 45. Rxa5 Kb7 46.
h3 Rh4 47. Kc3 Rxh3+ 48. Kb4 Rh4+ 49. Kc5 Rc4+ 50. Kd6 Rc6+ 51. Ke5 f5 52. Rb5+
Ka6 53. Rb8 Ka5 54. Ra8+ Ra6 55. Rg8 g5 56. Rg6 Kxa4 57. Rxh6 Rc6 58. Rg6 g4
59. Rg8 Kb4 60. Kd4 Kb3 61. Kd3 Rc3+ 62. Kd2 Rf3 63. Ke2 d4 64. Rb8+ Kc4 65.
Rc8+ Kd5 66. Rd8+ Ke4 67. Ra8 d3+ 68. Kd2 Rf2+ 69. Kd1 Ke3 70. Ra3 g3 71. Rb3
e5 72. Ra3 e4 73. Rb3 g2 0-1

[Event "Championnat de France - Open B"]
[Site "Chartres"]
[Date "2005.08.17"]
[Round "2.7"]
[White "Wolfangel, Claude"]
[Black "Pantioukhine, Slava"]
[Result "0-1"]
[WhiteElo "1879"]
[BlackElo "1989"]
[PlyCount "70"]
[EventDate "2005.??.??"]

1. d4 Nf6 2. Nf3 e6 3. c4 b6 4. g3 Bb7 5. Bg2 Bb4+ 6. Bd2 Qe7 7. a3 Bxd2+ 8.
Qxd2 Ne4 9. Qc2 f5 10. Nc3 O-O 11. h4 Nxc3 12. bxc3 d6 13. O-O Nd7 14. Ng5 Bxg2
15. Kxg2 h6 16. Nh3 e5 17. f3 Rae8 18. Rae1 f4 19. d5 fxg3 20. Qg6 Qxh4 21.
Qxg3 Qxc4 22. e4 Qa2+ 23. Nf2 Nf6 24. Rh1 Qd2 25. Qg6 Qg5+ 26. Qxg5 hxg5 27.
Nd3 g4 28. fxg4 Nxg4 29. Kg3 Nh6 30. Ref1 a5 31. a4 Re7 32. Rxf8+ Kxf8 33. Rf1+
Rf7 34. Rxf7+ Nxf7 35. Nb2 Ng5 0-1

[Event "Championnat de France - Open B"]
[Site "Chartres"]
[Date "2005.08.17"]
[Round "2.8"]
[White "Petitjean, Pierre"]
[Black "Perrusset, Barbara"]
[Result "1-0"]
[WhiteElo "1985"]
[BlackElo "1867"]
[PlyCount "43"]
[EventDate "2005.??.??"]

1. g3 d5 2. Bg2 c5 3. Nf3 Nc6 4. O-O Nf6 5. d3 e6 6. Nbd2 Be7 7. e4 O-O 8. e5
Nd7 9. Re1 b5 10. Nf1 c4 11. d4 b4 12. c3 a5 13. h4 bxc3 14. bxc3 a4 15. Bg5
Bxg5 16. Nxg5 h6 17. Nh3 Ne7 18. Nf4 Re8 19. Ne3 Nf8 20. Nh5 Neg6 21. Ng4 a3
22. Qd2 1-0

[Event "Championnat de France - Open B"]
[Site "Chartres"]
[Date "2005.08.17"]
[Round "2.9"]
[White "Jutard, Emmanuel"]
[Black "Tardif, Olivier"]
[Result "1/2-1/2"]
[WhiteElo "1877"]
[BlackElo "1985"]
[PlyCount "87"]
[EventDate "2005.??.??"]

1. d4 Nf6 2. c4 g6 3. Nc3 Bg7 4. e4 d6 5. Nf3 O-O 6. Be2 e5 7. O-O Nc6 8. d5
Ne7 9. Nd2 Ne8 10. a4 a5 11. Rb1 f5 12. f3 f4 13. b4 b6 14. bxa5 Rxa5 15. Nb3
Ra8 16. Bd2 Bd7 17. Nb5 Rxa4 18. Nc5 Ra8 19. Nxd7 Qxd7 20. Ra1 Nf6 21. Qb3 Rfb8
22. Ra2 Rxa2 23. Qxa2 c6 24. dxc6 Qxc6 25. Qa7 Qb7 26. Qxb7 Rxb7 27. Ra1 Nc6
28. Bc3 Bf8 29. Rd1 Ne8 30. g3 g5 31. Ra1 Nc7 32. Nxc7 Rxc7 33. Ra6 Rb7 34. Bf1
Kf7 35. Bh3 Nd4 36. Bxd4 exd4 37. Bf1 Ke6 38. Bd3 Ke5 39. g4 Be7 40. Ra8 Ke6
41. Kf2 Bf6 42. Ra6 Kd7 43. Ra8 Bd8 44. Ra6 1/2-1/2

[Event "Championnat de France - Open B"]
[Site "Chartres"]
[Date "2005.08.17"]
[Round "2.10"]
[White "Przymusinski, Nicolas"]
[Black "Jacquot, David"]
[Result "1-0"]
[WhiteElo "1984"]
[BlackElo "1860"]
[PlyCount "57"]
[EventDate "2005.??.??"]

1. c4 f5 2. g3 g6 3. Bg2 Nf6 4. Nc3 Bg7 5. d3 d6 6. e4 fxe4 7. dxe4 Nc6 8. Nge2
e5 9. O-O Be6 10. Nd5 Nd7 11. Be3 O-O 12. Qd2 Ne7 13. Rad1 Nf6 14. h3 Qd7 15.
Kh2 Rad8 16. f4 c6 17. Nxe7+ Qxe7 18. b3 exf4 19. Nxf4 Bf7 20. Bd4 Nxe4 21.
Bxe4 Qxe4 22. Bxg7 Kxg7 23. Rde1 Qf5 24. Ne6+ Bxe6 25. Rxf5 Bxf5 26. Re7+ Kg8
27. Qh6 Rf7 28. Rxf7 Kxf7 29. Qxh7+ 1-0

[Event "Championnat de France - Open C"]
[Site "Chartres"]
[Date "2005.08.17"]
[Round "2.1"]
[White "Spanneut, Jean-Pierre"]
[Black "Ababsa, Tufek"]
[Result "0-1"]
[WhiteElo "1520"]
[BlackElo "1700"]
[PlyCount "52"]
[EventDate "2005.??.??"]

1. e4 e6 2. d4 d5 3. Nc3 Bb4 4. e5 c5 5. a3 Ba5 6. Nf3 Nc6 7. Be3 cxd4 8. Nxd4
Nxe5 9. b4 Bc7 10. Bb5+ Nd7 11. O-O Ngf6 12. Bg5 a6 13. Bxd7+ Bxd7 14. Re1 O-O
15. Nf3 Rc8 16. Ne2 e5 17. Bxf6 Qxf6 18. Qxd5 Bc6 19. Qb3 Bb6 20. Ng3 Rfe8 21.
Ne4 Qg6 22. Qd3 Rcd8 23. Qe2 f5 24. Nh4 Qf7 25. Ng5 Qe7 26. Nxh7 Qxh4 0-1

[Event "Championnat de France - Open C"]
[Site "Chartres"]
[Date "2005.08.17"]
[Round "2.4"]
[White "Jophe, Jacky"]
[Black "Puel, Jacques"]
[Result "1-0"]
[WhiteElo "1700"]
[BlackElo "1520"]
[PlyCount "54"]
[EventDate "2005.??.??"]

1. d4 e6 2. Nf3 d5 3. c4 Nf6 4. Bg5 Bb4+ 5. Nc3 c5 6. a3 Bxc3+ 7. bxc3 Nbd7 8.
e3 Qa5 9. Qb3 Ne4 10. Rc1 cxd4 11. exd4 Nb6 12. Qb4 Qxb4 13. cxb4 a6 14. c5 Na4
15. Bd2 Bd7 16. Ne5 Bc6 17. f3 Nxd2 18. Kxd2 O-O 19. f4 Rac8 20. Nxc6 Rxc6 21.
b5 Rc7 22. b6 Rc6 23. Rb1 Nxc5 24. dxc5 Rxc5 25. Bd3 Rfc8 26. Rhc1 g6 27. Rxc5
Rxc5 1-0

[Event "Championnat de France - Open C"]
[Site "Chartres"]
[Date "2005.08.17"]
[Round "2.6"]
[White "Mopin, Stephane"]
[Black "Thelen, Sylvain"]
[Result "1-0"]
[WhiteElo "1700"]
[BlackElo "1520"]
[PlyCount "45"]
[EventDate "2005.??.??"]

1. e4 c6 2. d4 d5 3. Nc3 dxe4 4. Nxe4 Bf5 5. Ng3 Bg6 6. h4 h6 7. h5 Bh7 8. Nf3
Nf6 9. Bd3 Bxd3 10. Qxd3 e6 11. Bf4 Nbd7 12. O-O-O Nd5 13. Bd2 Bd6 14. Ne4 Bf4
15. g3 Bxd2+ 16. Rxd2 Qa5 17. Kb1 Nb4 18. Qb3 Qd5 19. Qxd5 cxd5 20. Nd6+ Ke7
21. Nxb7 Rab8 22. Na5 Nf6 23. Nc6+ 1-0

[Event "Championnat de France - Open C"]
[Site "Chartres"]
[Date "2005.08.17"]
[Round "2.7"]
[White "Bignon, Anne-Tifenn"]
[Black "Brebant, Eric"]
[Result "1-0"]
[WhiteElo "1500"]
[BlackElo "1670"]
[PlyCount "55"]
[EventDate "2005.??.??"]

1. e4 c5 2. Nf3 e6 3. d4 cxd4 4. Nxd4 a6 5. c4 Nc6 6. Nc3 Qc7 7. Be2 Nf6 8. a3
Be7 9. O-O O-O 10. Be3 b6 11. Qc2 Bb7 12. f4 Nxd4 13. Bxd4 Bc5 14. Qd3 d6 15.
Kh1 Bxd4 16. Qxd4 Rad8 17. Qe3 Qc6 18. Bd3 d5 19. cxd5 exd5 20. exd5 Nxd5 21.
Qh3 Nf6 22. Rf3 Rfe8 23. Rg3 Rd7 24. Qh6 g6 25. f5 Ne4 26. Nxe4 Rxe4 27. Bxe4
Qxe4 28. f6 1-0

[Event "Championnat de France - Open C"]
[Site "Chartres"]
[Date "2005.08.17"]
[Round "2.8"]
[White "Larribere, Hadrien"]
[Black "Amoyal, Raphael"]
[Result "1-0"]
[WhiteElo "1670"]
[BlackElo "1510"]
[PlyCount "53"]
[EventDate "2005.??.??"]

1. e4 e6 2. d4 d5 3. exd5 exd5 4. Nf3 Bd6 5. Nc3 Nf6 6. Bg5 Be6 7. Qd2 O-O 8.
O-O-O Nc6 9. Re1 Re8 10. Ne5 Bb4 11. a3 Bxc3 12. bxc3 Rc8 13. Bb5 Qe7 14. Kb2
a6 15. Ba4 b5 16. Bb3 Na5 17. h4 Nc4+ 18. Bxc4 bxc4 19. Ka2 Rb8 20. Nc6 Qd7 21.
Nxb8 Rxb8 22. Bxf6 gxf6 23. Rb1 Rxb1 24. Rxb1 Qd8 25. Qf4 a5 26. Rb7 c6 27. Rb8
1-0

[Event "Championnat de France - Vétérans"]
[Site "Chartres"]
[Date "2005.08.17"]
[Round "2.1"]
[White "Goldenberg, Richard"]
[Black "Danzanvilliers, Patrice"]
[Result "1-0"]
[WhiteElo "2305"]
[BlackElo "1912"]
[PlyCount "43"]
[EventDate "2005.??.??"]

1. d4 Nf6 2. Nf3 d5 3. c4 e6 4. g3 Nbd7 5. Bg2 Be7 6. O-O O-O 7. Nbd2 c6 8. Qc2
Qc7 9. e4 dxe4 10. Nxe4 Nxe4 11. Qxe4 Nf6 12. Qc2 Rd8 13. Bf4 Bd6 14. Be5 c5
15. Rad1 cxd4 16. Bxf6 gxf6 17. Rxd4 f5 18. Rfd1 Be7 19. Rxd8+ Bxd8 20. Qd2 Be7
21. Qh6 e5 22. Ng5 1-0

[Event "Championnat de France - Vétérans"]
[Site "Chartres"]
[Date "2005.08.17"]
[Round "2.2"]
[White "Delhom, Raoul"]
[Black "Leitner, Walter"]
[Result "1/2-1/2"]
[WhiteElo "1904"]
[BlackElo "2097"]
[PlyCount "46"]
[EventDate "2005.??.??"]

1. Nf3 d5 2. g3 Nf6 3. Bg2 Bf5 4. d3 Qc8 5. O-O Bh3 6. Nbd2 Bxg2 7. Kxg2 g6 8.
e4 e6 9. e5 Nfd7 10. d4 c5 11. c3 Bg7 12. Re1 Nc6 13. Nf1 O-O 14. Be3 b6 15.
Qd2 Re8 16. Bh6 Nf8 17. Bxg7 Kxg7 18. Ne3 f5 19. exf6+ Kxf6 20. Ng4+ Ke7 21.
Qg5+ Kd6 22. Qf4+ Ke7 23. Qg5+ Kd6 1/2-1/2

[Event "Championnat de France - Vétérans"]
[Site "Chartres"]
[Date "2005.08.17"]
[Round "2.3"]
[White "Koenig, Joel"]
[Black "Cousin, Philippe"]
[Result "1/2-1/2"]
[WhiteElo "1889"]
[BlackElo "2047"]
[PlyCount "63"]
[EventDate "2005.??.??"]

1. Nc3 d5 2. e4 c6 3. Nf3 Bg4 4. h3 Bh5 5. Be2 Bxf3 6. Bxf3 d4 7. Ne2 e5 8. Ng3
g6 9. O-O Nf6 10. d3 Bg7 11. Bg5 h6 12. Bd2 O-O 13. c3 c5 14. cxd4 cxd4 15. Qb3
Qd7 16. Rac1 Nc6 17. Qb5 Rfc8 18. Rc2 a6 19. Qb3 b5 20. Rfc1 Ne7 21. Bb4 Nc6
22. Bd2 Ne7 23. Bb4 Nc6 24. Bc5 Nd8 25. Ba3 Ne6 26. Bd1 h5 27. Nf1 Bh6 28.
Rxc8+ Rxc8 29. Rxc8+ Qxc8 30. Nh2 Nf4 31. Nf3 Qc7 32. Qc2 1/2-1/2

[Event "Championnat de France - Vétérans"]
[Site "Chartres"]
[Date "2005.08.17"]
[Round "2.4"]
[White "Rosenfeld, Imre"]
[Black "Le Coz, Yannick"]
[Result "1-0"]
[WhiteElo "2047"]
[BlackElo "1888"]
[PlyCount "127"]
[EventDate "2005.??.??"]

1. d4 d5 2. Nf3 Nf6 3. Bg5 g6 4. Nbd2 Bg7 5. e3 O-O 6. Bd3 Nc6 7. c3 Qe8 8. Bf4
Qd7 9. Bb5 Ne8 10. O-O Nd6 11. Ba4 b5 12. Bb3 e6 13. Re1 Bb7 14. Bc2 Ne7 15.
Ne5 Qc8 16. b4 f6 17. Nd3 Nf7 18. h3 e5 19. Bh2 e4 20. Nc5 Nf5 21. Ndb3 Bc6 22.
Na5 Bd7 23. Qe2 a6 24. a4 c6 25. axb5 axb5 26. Ra2 Qe8 27. Rea1 Qe7 28. Bd1
Rfc8 29. Nab3 Rxa2 30. Qxa2 Qe8 31. Qa7 Be6 32. Ra6 N5d6 33. Na5 Nc4 34. Nxc4
dxc4 35. Qb7 f5 36. Ra7 Bf8 37. g4 Bxc5 38. bxc5 fxg4 39. hxg4 g5 40. Kg2 Kg7
41. Be5+ Kh6 42. Bc2 Bd5 43. Bg3 Qe6 44. Bd1 Re8 45. Be2 Qg6 46. Qd7 Nh8 47.
Be5 Rg8 48. Ra1 Qf7 49. Qd6+ Qe6 50. Qxe6+ Bxe6 51. Bxh8 Rxh8 52. f3 exf3+ 53.
Bxf3 Rc8 54. Ra6 Kg7 55. Rxc6 Rxc6 56. Bxc6 Bxg4 57. Bxb5 Bc8 58. d5 Kf6 59. d6
Ke6 60. Bxc4+ Ke5 61. Bb5 Bb7+ 62. c6 Bxc6+ 63. Bxc6 Kxd6 64. Bf3 1-0

[Event "Championnat de France - Vétérans"]
[Site "Chartres"]
[Date "2005.08.17"]
[Round "2.5"]
[White "Labarthe, Arnaud"]
[Black "Schrader, Edmond"]
[Result "1/2-1/2"]
[WhiteElo "2029"]
[BlackElo "1866"]
[PlyCount "70"]
[EventDate "2005.??.??"]

1. d4 Nf6 2. c4 g6 3. Nc3 d5 4. h4 c6 5. cxd5 cxd5 6. Bf4 Nc6 7. Qd2 Qb6 8. e3
Bg7 9. Be2 Bf5 10. g4 Be6 11. g5 Ne4 12. Nxe4 dxe4 13. Nh3 Rd8 14. Qc3 Bd5 15.
O-O e6 16. f3 exf3 17. Bxf3 Bxf3 18. Rxf3 Nxd4 19. exd4 Bxd4+ 20. Be3 Bxc3 21.
Bxb6 Bxb2 22. Rb1 Bd4+ 23. Bxd4 Rxd4 24. Rxb7 O-O 25. h5 gxh5 26. Rxa7 Rd2 27.
Nf2 Rd4 28. Re7 Kg7 29. Rf6 Ra4 30. Rfxe6 Rxa2 31. Rf6 Ra5 32. Ne4 Rxg5+ 33.
Nxg5 Kxf6 34. Rxf7+ Rxf7 35. Nxf7 Kxf7 1/2-1/2

[Event "Championnat de France - Accession"]
[Site "Chartres"]
[Date "2005.08.18"]
[Round "3.1"]
[White "Le Roux, Jean-Pierre"]
[Black "Chomet, Pascal"]
[Result "1/2-1/2"]
[WhiteElo "2468"]
[BlackElo "2317"]
[PlyCount "123"]
[EventDate "2005.??.??"]

1. d4 Nf6 2. c4 g6 3. Nf3 Bg7 4. g3 O-O 5. Bg2 d6 6. O-O Nbd7 7. Qc2 e5 8. Rd1
Re8 9. Nc3 Qe7 10. b4 a5 11. b5 h6 12. e3 exd4 13. exd4 Nb6 14. Qb3 Be6 15. Re1
Qd7 16. d5 Bf5 17. Be3 Ne4 18. Nxe4 Bxe4 19. Rad1 Bxf3 20. Bxf3 Qf5 21. Kg2 a4
22. Qb4 Qc2 23. c5 Nc4 24. Bf4 Qxa2 25. Rxe8+ Rxe8 26. b6 dxc5 27. Qb5 Rf8 28.
bxc7 g5 29. Bc1 Bd4 30. Rf1 Qb3 31. Qxb3 axb3 32. Bg4 Nd6 33. Bd7 b2 34. Bd2
Ra8 35. Re1 Kg7 36. Rb1 Ra1 37. Bf5 Ra8 38. Bd7 Kf6 39. g4 Ra1 40. Bf5 Nxf5 41.
c8=Q Nh4+ 42. Kh3 Kg7 43. Rxb2 Ra3+ 44. Be3 Bxe3 45. Qxb7 c4 46. f3 Bd4 47. d6
Rxf3+ 48. Qxf3 Nxf3 49. d7 Bf6 50. Rf2 Ne5 51. Rxf6 Nxd7 52. Ra6 Ne5 53. Kg3 f6
54. h3 Kg6 55. Kf2 Nd3+ 56. Ke3 Nf4 57. h4 Ng2+ 58. Kf2 Nxh4 59. Rc6 Kg7 60.
Rc7+ Kg6 61. Rc6 Kg7 62. Rc7+ 1/2-1/2

[Event "Championnat de France - Accession"]
[Site "Chartres"]
[Date "2005.08.18"]
[Round "3.2"]
[White "Van Elst, Andreas"]
[Black "Prie, Eric"]
[Result "0-1"]
[WhiteElo "2263"]
[BlackElo "2464"]
[PlyCount "134"]
[EventDate "2005.??.??"]

1. d4 d5 2. c4 c6 3. Nc3 Nf6 4. e3 Bf5 5. cxd5 cxd5 6. Qb3 Bc8 7. Nf3 e6 8. Bd3
Nc6 9. O-O Be7 10. e4 dxe4 11. Nxe4 O-O 12. Rd1 Nd5 13. Bb1 Qb6 14. Qd3 Ncb4
15. Qd2 Bd7 16. Ne5 Ba4 17. b3 Be8 18. a3 Nc6 19. Qd3 f5 20. Ng5 Nxe5 21. dxe5
Rc8 22. Bd2 Bh5 23. Rf1 Rfd8 24. Qh3 Bg6 25. Bd3 h6 26. Nf3 Qxb3 27. Be2 Nc3
28. Bxc3 Qxc3 29. Qg3 Be8 30. a4 g5 31. Bb5 Bg6 32. Rad1 Rxd1 33. Rxd1 Rd8 34.
Rxd8+ Bxd8 35. Bf1 a6 36. Qh3 h5 37. Nxg5 Qxe5 38. Nf3 Qf4 39. Ne1 Bb6 40. Nd3
Qg4 41. Qxg4 hxg4 42. Nf4 Bf7 43. Bc4 e5 44. Nd5 Bc5 45. Kf1 Kg7 46. Ke2 e4 47.
f3 gxf3+ 48. gxf3 Bh5 49. Nc7 Bd6 50. Ne6+ Kf6 51. Nd8 Bxf3+ 52. Kf2 b6 53.
Bxa6 Bxh2 54. Nc6 Bc7 55. Nd4 Bg4 56. Ke3 Be5 57. Nc6 Bc3 58. Nd8 Bh5 59. Bb5
Bg6 60. Bc4 Ke7 61. Nc6+ Kd6 62. Nd8 Bf6 63. Nb7+ Kc6 64. Ba6 Bf7 65. a5 Be6
66. axb6 Kxb6 67. Kf4 Be7 0-1

[Event "Championnat de France - Accession"]
[Site "Chartres"]
[Date "2005.08.??"]
[Round "3.3"]
[White "Delorme, Alban"]
[Black "Libiszewski, Fabien"]
[Result "0-1"]
[WhiteElo "2254"]
[BlackElo "2413"]
[PlyCount "68"]
[EventDate "2005.??.??"]

1. e4 e6 2. d4 d5 3. Nc3 Nf6 4. Bg5 dxe4 5. Nxe4 Be7 6. Bxf6 gxf6 7. Bc4 a6 8.
Nf3 f5 9. Ng3 c5 10. c3 b5 11. Bb3 Bb7 12. Qe2 cxd4 13. Nxd4 O-O 14. O-O-O Qc7
15. Kb1 Bf6 16. Rhe1 Kh8 17. Qh5 Nc6 18. Ndxf5 Ne5 19. Bc2 Ng6 20. Nd6 Bxg2 21.
f3 Be7 22. Rg1 Bxd6 23. Rxg2 f5 24. Rgd2 Rad8 25. Ne2 Be7 26. Nd4 Nf4 27. Nxe6
Nxe6 28. Bxf5 Ng5 29. Rxd8 Rxd8 30. Rg1 Qe5 31. Bc2 Qe3 32. Qg4 Qxf3 33. Qh4
Qf7 34. a3 Nf3 0-1

[Event "Championnat de France - Accession"]
[Site "Chartres"]
[Date "2005.08.18"]
[Round "3.4"]
[White "Burkel, Kevin"]
[Black "Onkoud, Abdelaziz"]
[Result "0-1"]
[WhiteElo "2099"]
[BlackElo "2361"]
[PlyCount "150"]
[EventDate "2005.??.??"]

1. d4 g6 2. c4 Bg7 3. Nc3 d6 4. e4 Nc6 5. Be3 e5 6. d5 Nce7 7. Qd2 f5 8. f3 Nf6
9. Bd3 O-O 10. Nge2 c5 11. O-O-O a6 12. h3 Bd7 13. f4 Nxe4 14. Nxe4 fxe4 15.
Bxe4 Nf5 16. Bxf5 Bxf5 17. Ng3 exf4 18. Bxf4 b5 19. Nxf5 Rxf5 20. g4 Rf7 21.
Bg5 Qf8 22. Qc2 bxc4 23. Qxc4 Rf2 24. Bd2 Rb8 25. Bc3 Rb4 26. Bxb4 Bxb2+ 27.
Kb1 Rf4 28. Rhf1 Rxc4 29. Rxf8+ Kxf8 30. Bxc5 Be5 31. Bf2 Rf4 32. Be1 Rf3 33.
h4 Rf4 34. g5 Rf1 35. Kc2 Rh1 36. Bf2 Rh2 37. Rd2 Ke7 38. Kd3 Kd7 39. Rc2 Rh3+
40. Kc4 Bg3 41. Bxg3 Rxg3 42. Kb4 Rd3 43. Ka5 Rxd5+ 44. Kxa6 Rd4 45. Rh2 Kc6
46. Ka5 d5 47. h5 Rg4 48. hxg6 hxg6 49. Rh8 Rxg5 50. Kb4 Rg4+ 51. Kc3 g5 52.
Rg8 Rc4+ 53. Kd3 g4 54. Rc8+ Kd6 55. Rg8 Ra4 56. Ke3 Ke6 57. Rg5 Re4+ 58. Kd3
Rf4 59. Ke3 Ra4 60. Rg6+ Kf5 61. Rd6 Ke5 62. Rg6 Ra3+ 63. Ke2 Rxa2+ 64. Ke3
Ra3+ 65. Ke2 Kf4 66. Kf2 Ra2+ 67. Kf1 d4 68. Rd6 Kf3 69. Rf6+ Kg3 70. Rd6 Rf2+
71. Kg1 Rf4 72. Rd8 Kf3 73. Kf1 g3 74. Rd7 d3 75. Kg1 Ke3 0-1

[Event "Championnat de France - Accession"]
[Site "Chartres"]
[Date "2005.08.18"]
[Round "3.5"]
[White "Bolding, Klaus"]
[Black "Manouck, Thierry"]
[Result "0-1"]
[WhiteElo "2340"]
[BlackElo "2273"]
[PlyCount "172"]
[EventDate "2005.??.??"]

1. e4 d6 2. d4 Nf6 3. Nc3 Nbd7 4. Nf3 e5 5. Bc4 Be7 6. O-O O-O 7. Re1 c6 8. a4
a5 9. h3 h6 10. Qe2 Re8 11. Be3 exd4 12. Bxd4 Bf8 13. Qd2 Nb6 14. Bf1 Be6 15.
Rad1 d5 16. Qf4 Bd6 17. Qe3 Nfd7 18. e5 Bb4 19. Bxb6 Qxb6 20. Qf4 Bc5 21. Nd4
Qxb2 22. Nce2 Qb6 23. Ng3 Nf8 24. c3 Qd8 25. Qe3 Qh4 26. f4 f6 27. Bd3 fxe5 28.
fxe5 Re7 29. Rf1 Bd7 30. Kh2 Qg5 31. Qf2 Qxe5 32. Rde1 Qg5 33. Rxe7 Qxe7 34.
Kh1 Re8 35. Qf3 g6 36. Nge2 Bd6 37. Bc2 Kg7 38. Nf4 Qg5 39. g3 Bxf4 40. gxf4
Qh4 41. f5 Re1 42. Rxe1 Qxe1+ 43. Kg2 Qe5 44. Qf2 gxf5 45. Kh1 c5 46. Nxf5+
Bxf5 47. Bxf5 Qxc3 48. Qc2 Kf6 49. Bg4 Qe1+ 50. Kh2 Qe5+ 51. Kh1 Ng6 52. Qf2+
Nf4 53. Bf3 d4 54. Qb2 Nd3 55. Qb6+ Qe6 56. Qd8+ Kg7 57. Qc7+ Qf7 58. Qg3+ Kh8
59. Be2 Nf4 60. Bc4 Qxc4 61. Qxf4 Qd5+ 62. Kh2 Kg7 63. Qg3+ Kf6 64. Qf4+ Ke7
65. Qc7+ Qd7 66. Qe5+ Qe6 67. Qc7+ Kf6 68. Qf4+ Kg6 69. Qg3+ Kf5 70. Qf3+ Ke5
71. Qg3+ Ke4 72. Qe1+ Kd5 73. Qb1 Qe2+ 74. Kg1 Qe3+ 75. Kh1 Qxh3+ 76. Kg1 Qg4+
77. Kh1 Qh3+ 78. Kg1 Qg4+ 79. Kh2 Qe2+ 80. Kg1 d3 81. Qxb7+ Kd4 82. Qg7+ Kc4
83. Qb7 Qe1+ 84. Kh2 Qb4 85. Qe4+ Kc3 86. Qe3 Qh4+ 0-1